000 00764nam a2200217 i 4500
001 51897
003 ES-MaACL
005 20250731063026.0
007 t|
008 030820s1945 ag ||||1| spa d
100 1 _aDarwin, Charles,
_d1809-1882
_942770
245 1 0 _aAutobiografía de Darwin seguida de recuerdos de la vida diaria de mi padre y la religión de Darwin /
_cpor Francis Darwin ; [traducido por José Luis M. Anthonisen].
260 _aBuenos Aires :
_bNova,
_c[1945] (
_fLópez)
300 _a183 p. ;
_c19 cm.
490 1 _aGrandes vidas
700 1 _aAnthonisen, José Luis M.
_921883
700 1 _aDarwin, Francis.
_942773
830 0 _aGrandes vidas
_9230192
852 _aES-MaACL
_jB-10492
_bR.22476
999 _c51897
_d51897